[Event "HEM 2009 - D-Turnier"]
[Site "Idstein"]
[Date "2009.04.11"]
[Round "4"]
[White "Bigott, Martin"]
[Black "Fischer, Ulrich"]
[Result "1-0"]
[WhiteElo "1889"]
[BlackElo "1672"]
[PlyCount "103"]
[EventDate "2009.??.??"]

1. d4 d5 2. Nf3 c5 3. c3 Nf6 4. Bf4 Bf5 5. e3 Qb6 6. Qb3 c4 7. Qxb6 axb6 8.
Nbd2 Nc6 9. Be2 h6 10. h3 e6 11. O-O Be7 12. b3 b5 13. a4 bxa4 14. bxc4 O-O 15.
c5 Rfc8 16. Ra2 Nd7 17. Rfa1 b6 18. Rxa4 Rxa4 19. Rxa4 bxc5 20. Bb5 Ndb8 21.
Ra8 Rd8 22. Bc7 Rf8 23. Nb3 c4 24. Na5 Nxa5 25. Rxa5 Rc8 26. Ra7 f6 27. Rb7
Rxc7 28. Rxc7 Bd6 29. Rb7 Kf8 30. Kf1 Bd3+ 31. Ke1 Bc2 32. Kd2 Bh7 33. Ne1 Bg6
34. g3 Bf5 35. h4 Bg4 36. Nc2 Kg8 37. Nb4 Kf8 38. Ba4 Kg8 39. Be8 Kf8 40. Bg6
Kg8 41. h5 Kf8 42. Kc2 Kg8 43. Kb2 Kf8 44. Ka3 Bd1 45. Kb2 Bg4 46. Ra7 Bxb4 47.
cxb4 Nc6 48. Rf7+ Kg8 49. Kc3 e5 50. Rc7 exd4+ 51. exd4 Nb8 52. b5 1-0

[Event "HEM 2009 - D-Turnier"]
[Site "Idstein"]
[Date "2009.04.11"]
[Round "4"]
[White "Wasserrab, Martin"]
[Black "Brendel, Hans-Gerhard"]
[Result "0-1"]
[WhiteElo "1818"]
[BlackElo "1658"]
[PlyCount "66"]
[EventDate "2009.??.??"]

1. e4 e5 2. f4 exf4 3. Nf3 g5 4. h4 g4 5. Ne5 d6 6. Nxg4 Be7 7. Qf3 Bxh4+ 8.
Nf2 Bg3 9. d4 Qf6 10. c3 Nh6 11. Kd1 Rg8 12. Kc2 Nc6 13. Nd3 Bg4 14. Rxh6 Qxh6
15. Qxg3 Bd1+ 16. Kxd1 Rxg3 17. Nxf4 Qh1 18. Nd2 O-O-O 19. Kc2 Rg4 20. Nh3 Rxg2
21. Bxg2 Qxg2 22. Nf4 Qh2 23. Nd5 Rg8 24. Kd3 Rg1 25. Nf3 Qg3 26. Ke2 Rg2+ 27.
Ke3 Qf2+ 28. Kf4 Nd8 29. Be3 Ne6+ 30. Kf5 Qxf3+ 31. Bf4 Nxf4 32. Nxf4 Rg4 33.
Kf6 Kd7 0-1

[Event "HEM 2009 - D-Turnier"]
[Site "Idstein"]
[Date "2009.04.11"]
[Round "4"]
[White "Gertz, Berthold"]
[Black "Storch, Dominik"]
[Result "0-1"]
[WhiteElo "1993"]
[BlackElo "1931"]
[PlyCount "72"]
[EventDate "2009.??.??"]

1. d4 d5 2. c4 c6 3. Nc3 a6 4. e3 Nf6 5. Bd3 Bg4 6. f3 Bh5 7. Qc2 e6 8. Nge2
Be7 9. e4 dxc4 10. Bxc4 Nbd7 11. Be3 O-O 12. Bd3 Rc8 13. e5 Nd5 14. Bf2 Bg6 15.
Bxg6 hxg6 16. Nxd5 cxd5 17. Qb3 Qa5+ 18. Nc3 Bb4 19. Rc1 b5 20. O-O Bxc3 21.
Rxc3 Rxc3 22. bxc3 Rc8 23. Be1 Rc4 24. Rf2 Nb6 25. Kf1 Na4 26. Rc2 Qc7 27. Ke2
f6 28. f4 g5 29. g3 fxe5 30. fxe5 Qf7 31. Bd2 g4 32. Bf4 g5 33. Bxg5 Qf3+ 34.
Kd2 b4 35. Qxa4 bxc3+ 36. Rxc3 Qxc3+ 0-1

[Event "HEM 2009 - D-Turnier"]
[Site "Idstein"]
[Date "2009.04.11"]
[Round "4"]
[White "Stegner, Marco"]
[Black "Will, Patrick"]
[Result "0-1"]
[WhiteElo "1622"]
[BlackElo "1929"]
[PlyCount "68"]
[EventDate "2009.??.??"]

1. d4 d5 2. Bf4 Nf6 3. e3 c6 4. Nf3 a6 5. Bd3 Bg4 6. Nbd2 e6 7. c4 b5 8. c5
Nbd7 9. Qc2 Be7 10. Ne5 Nxe5 11. dxe5 Nd7 12. b4 Bh5 13. O-O Bg6 14. e4 O-O 15.
a4 f6 16. Nf3 fxe5 17. Bxe5 Rxf3 18. gxf3 Nxe5 19. Be2 Bf6 20. Ra3 Nc4 21. Bxc4
bxc4 22. Qe2 Rb8 23. exd5 Qxd5 24. Rd1 Bd3 25. Raxd3 cxd3 26. Rxd3 Qg5+ 27. Kh1
Qf5 28. b5 axb5 29. axb5 Rxb5 30. Rd6 Rb1+ 31. Kg2 Be5 32. Rd8+ Kf7 33. f4 Bxf4
34. Qd3 Qg4+ 0-1

[Event "HEM 2009 - D-Turnier"]
[Site "Idstein"]
[Date "2009.04.11"]
[Round "4"]
[White "Aurin, Pascal"]
[Black "Kempf, Alexander"]
[Result "0-1"]
[WhiteElo "1612"]
[BlackElo "1810"]
[PlyCount "100"]
[EventDate "2009.??.??"]

1. Nf3 Nf6 2. d4 e6 3. c4 d5 4. e3 c5 5. cxd5 Nxd5 6. b3 Nc6 7. Bc4 Be7 8. O-O
O-O 9. Ba3 cxd4 10. Bxe7 Qxe7 11. Bxd5 exd5 12. Nxd4 Qe5 13. Na3 Bd7 14. Qd2
Nxd4 15. exd4 Qd6 16. Nc2 Rfe8 17. Rfe1 Re4 18. Re3 Rae8 19. Rae1 Kf8 20. f3
Rxe3 21. Rxe3 Rxe3 22. Qxe3 Qg6 23. Nb4 Qe6 24. Kf2 a5 25. Nd3 Qxe3+ 26. Kxe3
Ke7 27. Nf4 Kd6 28. Nh5 g5 29. f4 h6 30. Nf6 Bf5 31. Ng8 gxf4+ 32. Kxf4 Be4 33.
Nxh6 Ke6 34. g4 b5 35. h4 Bb1 36. h5 Bxa2 37. Nf5 Bb1 38. h6 Bxf5 39. gxf5+ Kf6
40. h7 Kg7 41. Ke5 a4 42. bxa4 bxa4 43. Kxd5 a3 44. Kc6 a2 45. f6+ Kxh7 46. d5
a1=Q 47. d6 Qxf6 48. Kc7 Qe5 49. Kc6 f5 50. d7 Qd4 0-1

[Event "HEM 2009 - D-Turnier"]
[Site "Idstein"]
[Date "2009.04.11"]
[Round "4"]
[White "Doll, Christoph"]
[Black "Aleanakian, Gabriel"]
[Result "0-1"]
[WhiteElo "1603"]
[BlackElo "1725"]
[PlyCount "92"]
[EventDate "2009.??.??"]

1. d4 c5 2. d5 Nf6 3. c4 b5 4. Qc2 bxc4 5. e4 d6 6. Bxc4 Nbd7 7. f4 Nb6 8. Nf3
a5 9. Bb5+ Bd7 10. Bxd7+ Qxd7 11. O-O g6 12. b3 Bg7 13. Bb2 O-O 14. Nc3 c4 15.
Rad1 cxb3 16. Qxb3 Rfb8 17. Qc2 Nc4 18. Bc1 Ng4 19. Rde1 Qa7+ 20. Kh1 Nce3 21.
Bxe3 Nxe3 22. Qd3 Nxf1 23. Rxf1 Qa6 24. Qxa6 Rxa6 25. e5 Rab6 26. a4 Rb4 27. g3
Rc4 28. Nb5 Rxa4 29. exd6 exd6 30. Na7 Ra1 31. Rxa1 Bxa1 32. Nc6 Rb5 33. Nd2
Kf8 34. Nc4 Rxd5 35. Kg2 Bc3 36. Nb6 Rd2+ 37. Kh3 d5 38. Kg4 Ke8 39. h4 d4 40.
Nc4 Rf2 41. N6e5 Bb4 42. Nd3 Rc2 43. Nb6 Rc3 44. Nf2 d3 45. Nd5 Rb3 46. Nf6+
Ke7 0-1

[Event "HEM 2009 - D-Turnier"]
[Site "Idstein"]
[Date "2009.04.11"]
[Round "4"]
[White "Rudolph, Lukas"]
[Black "Boethelt, Klaus-Dieter"]
[Result "1/2-1/2"]
[WhiteElo "1723"]
[BlackElo "1578"]
[PlyCount "76"]
[EventDate "2009.??.??"]

1. e4 c5 2. Nc3 d6 3. g3 b6 4. Bg2 Bb7 5. d3 g6 6. Be3 Bg7 7. Qc1 Nf6 8. Bh6
O-O 9. Nge2 Nc6 10. O-O Rb8 11. Bxg7 Kxg7 12. f4 Qd7 13. f5 e6 14. Bh3 Qe7 15.
g4 h6 16. Ng3 g5 17. Nh5+ Nxh5 18. gxh5 exf5 19. Nd5 Qd8 20. Rxf5 Bc8 21. Rf3
Bxh3 22. Rxh3 Ne7 23. Ne3 f5 24. exf5 Nxf5 25. Nxf5+ Rxf5 26. Qd2 Rb7 27. Re1
Qf6 28. Qg2 Rf7 29. Ree3 Rf2 30. Qg3 Rxc2 31. Re6 Qd4+ 32. Kh1 Qd5+ 33. Kg1
Qd4+ 34. Kh1 Qxb2 35. Rg6+ Kh7 36. Qxd6 Re2 37. Rxh6+ Kg7 38. Rg6+ Kh7 1/2-1/2

[Event "HEM 2009 - D-Turnier"]
[Site "Idstein"]
[Date "2009.04.11"]
[Round "4"]
[White "Beinrucker, Clemens"]
[Black "Bodensohn, Markus"]
[Result "1-0"]
[WhiteElo "1686"]
[BlackElo "1391"]
[PlyCount "61"]
[EventDate "2009.??.??"]

1. e4 d6 2. d4 Nf6 3. Nc3 g6 4. Bf4 Bg7 5. Qd2 O-O 6. O-O-O Nbd7 7. h4 c5 8. d5
Re8 9. f3 Nh5 10. Bh6 Ne5 11. g4 Ng3 12. Bxg7 Kxg7 13. Rh3 Nxf1 14. Rxf1 h6 15.
Nd1 b5 16. Ne3 a5 17. Rg3 f6 18. f4 Nf7 19. g5 fxg5 20. hxg5 h5 21. f5 Ne5 22.
fxg6 Kxg6 23. Nh3 Bxh3 24. Rxh3 Qd7 25. Rxh5 Rh8 26. Rh6+ Rxh6 27. gxh6 Kh7 28.
Rg1 Ng6 29. Rxg6 Kxg6 30. Qg2+ Kxh6 31. Nf5+ 1-0

[Event "HEM 2009 - D-Turnier"]
[Site "Idstein"]
[Date "2009.04.11"]
[Round "4"]
[White "Gläßer, Tim"]
[Black "Brehm, Arthur"]
[Result "1-0"]
[WhiteElo "1776"]
[BlackElo "1519"]
[PlyCount "101"]
[EventDate "2009.??.??"]

1. b3 e5 2. Bb2 Nc6 3. e3 d5 4. Nf3 Bd6 5. c4 Nf6 6. Nc3 Be6 7. Ng5 O-O 8. Qc2
h6 9. cxd5 Bxd5 10. Nxd5 hxg5 11. Nxf6+ gxf6 12. h4 Kg7 13. Qf5 Rh8 14. h5 Rh6
15. g4 Ne7 16. Qf3 c6 17. Bc4 b5 18. Bd3 Bb4 19. Qe2 Qd5 20. O-O-O e4 21. Bc2
Qe6 22. d3 exd3 23. Rxd3 Nd5 24. Rd4 a5 25. Re4 Qd6 26. f4 gxf4 27. g5 Rhh8 28.
gxf6+ Kh6 29. Be5 Ba3+ 30. Bb2 Nc3 31. Qg4 Rhg8 32. Qxf4+ Qxf4 33. Rxf4 Ne2+
34. Kb1 Nxf4 35. Bxa3 b4 36. Bc1 Ne2 37. Bb2 Rg1+ 38. Rxg1 Nxg1 39. Bd1 Nh3 40.
e4 Rg8 41. Bc1+ Kh7 42. e5 Rg1 43. Bc2+ Kh8 44. Kb2 Re1 45. Bf5 Nf2 46. e6 fxe6
47. f7 Kg7 48. Bg6 Ng4 49. h6+ Kf8 50. h7 Kg7 51. h8=Q+ 1-0

[Event "HEM 2009 - D-Turnier"]
[Site "Idstein"]
[Date "2009.04.11"]
[Round "4"]
[White "Mattusch, Ralf"]
[Black "Arnold, Michael"]
[Result "1/2-1/2"]
[WhiteElo "1614"]
[BlackElo "1845"]
[PlyCount "46"]
[EventDate "2009.??.??"]

1. d4 d5 2. c4 c6 3. Nc3 Nf6 4. Nf3 Bf5 5. Bf4 e6 6. e3 Bd6 7. Bxd6 Qxd6 8. c5
Qe7 9. Be2 Nbd7 10. b4 e5 11. dxe5 Nxe5 12. Nd4 Bg6 13. O-O O-O 14. Qd2 Ne4 15.
Nxe4 Bxe4 16. a3 a6 17. Qd1 Rfd8 18. Nf3 Nxf3+ 19. Bxf3 Bxf3 20. Qxf3 Qe5 21.
Rfd1 Rd7 22. Rd4 Re8 23. Rad1 Re6 1/2-1/2

[Event "HEM 2009 - D-Turnier"]
[Site "Idstein"]
[Date "2009.04.11"]
[Round "4"]
[White "Riha, Peter"]
[Black "Jordake, Michael"]
[Result "1-0"]
[WhiteElo "1815"]
[BlackElo "1640"]
[PlyCount "59"]
[EventDate "2009.??.??"]

1. d4 Nf6 2. c4 e6 3. Nc3 b6 4. e4 Bb7 5. Bd3 d6 6. Nf3 Be7 7. O-O Nc6 8. d5
exd5 9. exd5 Nb8 10. Re1 O-O 11. Bg5 Nbd7 12. b4 Re8 13. Qc2 Nf8 14. Re2 h6 15.
Bd2 Bc8 16. h3 Bd7 17. Rae1 N6h7 18. Nd4 Bg5 19. Rxe8 Bxe8 20. Nf5 Bf6 21. Ne4
Ng6 22. Nxf6+ Nxf6 23. Bc3 Bd7 24. Nxh6+ gxh6 25. Bxg6 Ne8 26. Bxf7+ Kxf7 27.
Qh7+ Kf8 28. Rxe8+ Kxe8 29. Qg6+ Kf8 30. Bg7+ 1-0

[Event "HEM 2009 - D-Turnier"]
[Site "Idstein"]
[Date "2009.04.11"]
[Round "4"]
[White "Kohlmeyer, Klaus"]
[Black "Boldt, Kai-Ulrich"]
[Result "1-0"]
[WhiteElo "1813"]
[BlackElo "1548"]
[PlyCount "53"]
[EventDate "2009.??.??"]

1. f4 d5 2. Nf3 Nf6 3. e3 c5 4. b3 g6 5. Bb2 Bg7 6. Be2 Nc6 7. O-O O-O 8. Qe1
Bf5 9. d3 Bg4 10. Ne5 Bxe2 11. Nxc6 bxc6 12. Qxe2 Qd7 13. Nc3 Qg4 14. Rae1 Qxe2
15. Rxe2 e6 16. Na4 Nd7 17. Ba3 Rfd8 18. Nxc5 Nxc5 19. Bxc5 Bc3 20. g4 d4 21.
e4 Rd7 22. f5 Rd5 23. Be7 Re8 24. f6 Rg5 25. Rf4 Ra5 26. a4 Bb4 27. Bxb4 1-0

[Event "HEM 2009 - D-Turnier"]
[Site "Idstein"]
[Date "2009.04.11"]
[Round "4"]
[White "Rennhack, Peer"]
[Black "Baskin, Robert"]
[Result "1-0"]
[WhiteElo "1656"]
[BlackElo "1697"]
[PlyCount "51"]
[EventDate "2009.??.??"]

1. e4 e6 2. d4 d5 3. e5 c5 4. c3 Nc6 5. Nf3 Qb6 6. Bd3 Bd7 7. O-O cxd4 8. cxd4
Nxd4 9. Nxd4 Qxd4 10. Nc3 a6 11. Qe2 Bb4 12. Be3 Qxe5 13. f4 Qf6 14. Nxd5 exd5
15. Bd4+ Qe7 16. Bxg7 Qxe2 17. Bxe2 Bc5+ 18. Kh1 Bd4 19. Bxd4 f6 20. Bh5+ Kf8
21. Rac1 Bc6 22. Rfe1 Kg7 23. Re3 Rf8 24. Rcc3 Kh6 25. Rh3 Rd8 26. Rcg3 1-0

[Event "HEM 2009 - D-Turnier"]
[Site "Idstein"]
[Date "2009.04.11"]
[Round "4"]
[White "Schöbel-Kröhn, Lucas"]
[Black "Jöckel, Thomas"]
[Result "0-1"]
[WhiteElo "1727"]
[BlackElo "1623"]
[PlyCount "76"]
[EventDate "2009.??.??"]

1. e4 Nf6 2. Nc3 d5 3. e5 Nfd7 4. d4 e6 5. Nce2 c5 6. c3 Nc6 7. f4 Qb6 8. Nf3
Be7 9. Qc2 O-O 10. Be3 f6 11. Nc1 cxd4 12. Bxd4 Nxd4 13. cxd4 Bb4+ 14. Kf2 fxe5
15. Nd3 Bd6 16. fxe5 Nxe5 17. Ndxe5 Qxd4+ 18. Ke2 Qe4+ 19. Kd1 Qf4 20. Nd3 Qe3
21. Qd2 Qb6 22. Qc3 Bd7 23. Qd4 Rxf3 24. Qxb6 Rxf1+ 25. Rxf1 axb6 26. g3 e5 27.
Kd2 e4 28. Nf4 Bb4+ 29. Ke3 Bb5 30. Rfd1 Bc5+ 31. Rd4 Ra4 32. Ne6 Bxd4+ 33.
Nxd4 Bc6 34. b3 Ra8 35. a4 Ra5 36. Rc1 Rc5 37. Rf1 Rc3+ 38. Kd2 Rd3+ 0-1

[Event "HEM 2009 - D-Turnier"]
[Site "Idstein"]
[Date "2009.04.11"]
[Round "4"]
[White "Lewien, Frank"]
[Black "Daubitz, Karl Werner"]
[Result "1/2-1/2"]
[WhiteElo "1518"]
[BlackElo "1711"]
[PlyCount "70"]
[EventDate "2009.??.??"]

1. d4 Nf6 2. Nf3 g6 3. Bf4 Bg7 4. e3 d6 5. h3 c5 6. c3 O-O 7. Be2 cxd4 8. exd4
Qb6 9. Qc1 Nc6 10. Nbd2 Be6 11. O-O Rac8 12. Be3 Qc7 13. Qd1 Rfe8 14. Re1 Nd5
15. Bg5 h6 16. Bh4 Nf4 17. Bg3 Nxe2+ 18. Rxe2 Qd7 19. Qe1 Na5 20. Re3 Nc4 21.
Nxc4 Bxc4 22. Nd2 Be6 23. Qe2 Bd5 24. Re1 Bf6 25. c4 Be6 26. d5 Bf5 27. Nf3 g5
28. b3 Kg7 29. Nh2 Rh8 30. Kf1 h5 31. f3 h4 32. Bf2 Bxh3 33. gxh3 Qxh3+ 34. Kg1
Bd4 35. Rxe7 Qg3+ 1/2-1/2

[Event "HEM 2009 - D-Turnier"]
[Site "Idstein"]
[Date "2009.04.11"]
[Round "4"]
[White "Kuhnigk, Thomas"]
[Black "Fischer, Helena"]
[Result "1/2-1/2"]
[WhiteElo "1698"]
[BlackElo "1595"]
[PlyCount "52"]
[EventDate "2009.??.??"]

1. d4 d5 2. Nf3 Nf6 3. c4 e6 4. Nc3 c6 5. Bf4 Nbd7 6. e3 Be7 7. Bd3 dxc4 8.
Bxc4 b5 9. Bd3 a6 10. O-O c5 11. Rc1 Bb7 12. Bb1 Rc8 13. a3 O-O 14. Re1 Qb6 15.
dxc5 Nxc5 16. Qe2 b4 17. axb4 Nb3 18. Rc2 Bxb4 19. Ba2 Bxc3 20. Rxc3 Rxc3 21.
bxc3 Ne4 22. Qb2 Bd5 23. Rb1 Nec5 24. Nd4 Be4 25. Re1 Nd3 26. Qe2 Nxe1 1/2-1/2

[Event "HEM 2009 - D-Turnier"]
[Site "Idstein"]
[Date "2009.04.11"]
[Round "4"]
[White "Riebensahm, Lutz"]
[Black "Höllwarth, Kai"]
[Result "1/2-1/2"]
[WhiteElo "1651"]
[BlackElo "1608"]
[PlyCount "49"]
[EventDate "2009.??.??"]

1. e4 d5 2. exd5 Qxd5 3. Nc3 Qa5 4. Nf3 Nf6 5. Be2 Bf5 6. O-O c6 7. b4 Qc7 8.
b5 e6 9. Nh4 Bd6 10. g3 Bh3 11. Re1 O-O 12. Bf1 Bxf1 13. Rxf1 Nd5 14. Nxd5 cxd5
15. Rb1 Nd7 16. Bb2 Be5 17. Nf3 Bf6 18. Bxf6 Nxf6 19. a4 Ne4 20. c3 Rfc8 21.
Nd4 h6 22. Re1 Qd8 23. Re3 Rc4 24. Ra1 Qf6 25. Qe1 1/2-1/2

[Event "HEM 2009 - D-Turnier"]
[Site "Idstein"]
[Date "2009.04.11"]
[Round "4"]
[White "Mahler, Peter"]
[Black "Sanitz, Grigori"]
[Result "1-0"]
[WhiteElo "1644"]
[BlackElo "1511"]
[PlyCount "93"]
[EventDate "2009.??.??"]

1. d4 g6 2. c4 Bg7 3. Nc3 Nf6 4. e4 d6 5. Be2 O-O 6. Nf3 Re8 7. O-O Nbd7 8. Be3
e5 9. d5 Nc5 10. Qc2 Ng4 11. Bg5 Bf6 12. Bxf6 Nxf6 13. b4 Ncd7 14. Nd2 Nf8 15.
f4 Ng4 16. Bxg4 Bxg4 17. fxe5 Rxe5 18. Nf3 Rh5 19. Qd3 f5 20. exf5 Bxf5 21. Qe3
Qd7 22. Rae1 Qg7 23. Ne2 a5 24. b5 Bd7 25. Ng3 Re8 26. Qd2 Rh6 27. Rxe8 Bxe8
28. Qe3 Bf7 29. Ng5 Qe5 30. Qxe5 dxe5 31. Nxf7 Rh4 32. Nxe5 Rd4 33. Rc1 h5 34.
Nf3 Rd3 35. Ne4 Kg7 36. Nc5 Ra3 37. Rc2 b6 38. Na6 Nd7 39. Nxc7 Nc5 40. Ne6+
Kf6 41. Nxc5 bxc5 42. Nd2 Re3 43. Nb3 Ke5 44. Nxa5 Kd6 45. b6 Ra3 46. b7 Kc7
47. Rb2 1-0

[Event "HEM 2009 - D-Turnier"]
[Site "Idstein"]
[Date "2009.04.11"]
[Round "4"]
[White "Gunde, Thomas"]
[Black "Rausch, Wolfgang"]
[Result "0-1"]
[WhiteElo "1575"]
[BlackElo "1730"]
[PlyCount "50"]
[EventDate "2009.??.??"]

1. d4 Nf6 2. c4 e6 3. Nc3 d5 4. cxd5 exd5 5. Bg5 c6 6. Qc2 Bd6 7. e3 O-O 8. Bd3
h6 9. Bh4 Re8 10. Nge2 Nbd7 11. O-O Nf8 12. Rab1 Qe7 13. a3 a5 14. Bg3 b5 15.
Bxd6 Qxd6 16. b4 axb4 17. axb4 Be6 18. Nc1 Ng4 19. g3 h5 20. Be2 h4 21. Bxg4
Bxg4 22. Nd3 hxg3 23. hxg3 Qh6 24. Ne5 Rxe5 25. f3 Rxe3 0-1